How would you get from these cities - Statistics

General Stats
  • This quiz has been taken 7 times
  • The average score is 6 of 12
Answer Stats
Cities Interstate % Correct
Boston - Miami 95
100%
Mobile - Tuscon 10
60%
Raleigh - Albuquerque 40
60%
Baltimore - Kansas City 70
60%
Sacramento - Des Moines 80
60%
Cleveland - Boston 90
60%
Salt Lake City - San Bernardino 15
40%
Nashville - Chattanooga 24
40%
Dallas - Oklahoma City 35
40%
Houston - Dallas 45
40%
Chicago - Jackson 55
40%
Atlanta - Tampa 75
40%
No matching quizzes found
Score Distribution
Percent of People with Each Score
Percentile by Number Answered
Your Score History
You have not taken this quiz